000 00401cam a2200157ua 4500
041 _aeng
_h
082 _a001.42
_bGOO/ME
100 _aGood, Caster V .
245 _aMethods of research /
_cCaster V Good.
_hTextual Documents
260 _aNew York :
_bAppleton-century-croffs ,
_c1954.
300 _a920 ; .
504 _a
700 1 _aScater, Douglas E .
942 _cBK
999 _c5406
_d5406